00872nam a22002417a 4500003000900000005001700009008002900026020001500055040003000070082002600100100003100126245008000157260003500237300003000272500003500302650003600337650003600373700001800409910004100427942001200468952013300480999001700613DO-SdBPM20250225090651.01607181987 xxu a spa d a0590445065 aDO-SdBPMbspacBPMSUerda 4a819.3bB772f 19872221 aBourgeois, Pauletted1951-10aFranklin´s in the dark /cPaulette Bourgeois; ilustraciones Brenda Clark  aNew York : bScholastic,c1987 a[30] p. :bil. ;c23 cm.  aLibros infantiles en inglés  4aCuentos infantiles canadienses  4aLibros ilustrados para niños 1 aClark, Brenda aVMateo V. Control de calidad. BPMSU  2ddccBK 00102ddc40708CI-GaBPMETbBPMETd2025-02-25eFUNDIl0oBPMSU CGI 819.3 B772f 1987pBPMSU25020053r2025-02-25w2025-02-25yBK c14958d14958